Přinesou banky do Česka dostupné bydlení? Vypadá to, že ano
Snaha Českej sporiteľne priniesť do tuzemských miest rakúsku skúsenosť s výstavbou a prevádzkou lacnejších nájomných bytov, ako je tržný priemer v danej obci, postúpila do ďalšieho kola. Potom, čo kvôli tomu na prelome minulého a predminulého roku založila špecializovanú spoločnosť, realizuje už prv...
Gespeichert in:
| 1. Verfasser: | |
|---|---|
| Format: | Buchkapitel |
| Sprache: | Tschechisch |
| Schlagworte: | |
| Tags: |
Keine Tags, Fügen Sie das erste Tag hinzu!
|
MARC
| LEADER | 00000naa a2200000 4500 | ||
|---|---|---|---|
| 001 | 0291765 | ||
| 005 | 20240417075231.4 | ||
| 041 | 0 | |a cze | |
| 044 | |a CZ | ||
| 245 | 1 | 0 | |a Přinesou banky do Česka dostupné bydlení? Vypadá to, že ano |c Pavel Cechl |
| 520 | |a Snaha Českej sporiteľne priniesť do tuzemských miest rakúsku skúsenosť s výstavbou a prevádzkou lacnejších nájomných bytov, ako je tržný priemer v danej obci, postúpila do ďalšieho kola. Potom, čo kvôli tomu na prelome minulého a predminulého roku založila špecializovanú spoločnosť, realizuje už prvý projekt a plánuje ďalší. | ||
| 610 | 2 | 0 | |a byty nájomné |
| 610 | 2 | 0 | |a výstavba bytová |
| 610 | 2 | 0 | |a projekty stavebné |
| 610 | 2 | 0 | |a financovanie |
| 610 | 2 | 0 | |a obce |
| 100 | 1 | |a Cechl, Pavel | |